|
|
|
|
| LEADER |
00000nas a2200000 a 4500 |
| 001 |
ssj0012119 |
| 003 |
WaSeSS |
| 005 |
20200512172242.0 |
| 006 |
m d |
| 007 |
cr n |
| 008 |
960507c19969999mouqr p s o s0 a0eng c |
| 010 |
|
|
|a 96657123
|z sn 96000282
|
| 016 |
7 |
|
|a 018531652
|2 DE-101
|
| 016 |
7 |
|
|a 1354184-5
|2 DE-600
|
| 022 |
|
|
|l 1088-6796
|y 1088-6796
|
| 035 |
|
|
|a (WaSeSS)ssj0012119
|
| 037 |
|
|
|b Missouri State Library, P.O. Box 387, Jefferson City, MO 65102
|c $10.00
|
| 040 |
|
|
|a NSD
|b eng
|c NSD
|d PIT
|d DLC
|d EYM
|d DLC
|d OCLCQ
|d GBVCP
|d OCLCF
|d OCLCO
|d OCLCA
|d OCLCQ
|d WaSeSS
|
| 042 |
|
|
|a nsdp
|a pcc
|
| 043 |
|
|
|a n-us-mo
|
| 050 |
0 |
0 |
|a Z732.M82
|b M64
|
| 082 |
1 |
0 |
|a 027
|2 12
|
| 210 |
0 |
|
|a Mo. libr. world
|
| 222 |
|
0 |
|a Missouri library world
|
| 245 |
0 |
0 |
|a Missouri library world
|h [electronic resource] :
|b the magazine of the Missouri State Library.
|
| 260 |
|
|
|a Jefferson City, Mo. :
|b Library Development Division of the Missouri State Library,
|c [1996]-
|
| 310 |
|
|
|a Quarterly
|
| 362 |
0 |
|
|a Vol. 1, no. 1 (spring 1996)-
|
| 500 |
|
|
|a Title from cover.
|
| 506 |
|
|
|a License restrictions may limit access.
|
| 580 |
|
|
|a Formed by the union of: Show-me libraries; and: Missouri libraries.
|
| 610 |
2 |
0 |
|a Missouri State Library
|v Periodicals.
|
| 610 |
2 |
7 |
|a Missouri State Library.
|2 fast
|0 (OCoLC)fst00536667
|
| 650 |
|
0 |
|a Libraries
|z Missouri
|v Periodicals.
|
| 650 |
|
0 |
|a State libraries
|z Missouri
|z Jefferson City
|v Periodicals.
|
| 650 |
|
7 |
|a Libraries.
|2 fast
|0 (OCoLC)fst00997341
|
| 650 |
|
7 |
|a State libraries.
|2 fast
|0 (OCoLC)fst01131898
|
| 651 |
|
7 |
|a Missouri.
|2 fast
|0 (OCoLC)fst01204724
|
| 651 |
|
7 |
|a Missouri
|z Jefferson City.
|2 fast
|0 (OCoLC)fst01205442
|
| 655 |
|
0 |
|a Electronic journals.
|
| 710 |
2 |
|
|a Missouri State Library.
|
| 780 |
1 |
4 |
|t Show-me libraries
|x 0037-4326
|w (DLC) 61038437
|w (OCoLC)1641473
|
| 780 |
1 |
4 |
|t Missouri libraries
|x 0899-6458
|w (DLC)sf 94092213
|w (OCoLC)18161083
|
| 850 |
|
|
|a DLC
|a MiU
|a PPiU
|
| 856 |
4 |
0 |
|z Full text available from Research Library: 07/01/1998 to 10/31/1998
|u https://search.proquest.com/publication/33710
|